Sports Quiz

Random Sports or Celebrity Quiz

UNICEF Celebrity Soccer Team Quiz Stats

Quiz not verified by Sporcle

Challenge
Share
Tweet
Score 0/18 Timer 04:00
0 Plays Today
% Correct
Horan
74.7%
Ranieri
63.8%
Dida
62.1%
Ward
53.2%
Byrne
52.2%
Sheen
50.5%
Rheon
46.8%
Pizzorno
45.7%
Davids
44.7%
% Correct
Thomas
43.3%
Berbatov
42.7%
Morrison
42%
McCoy
39.9%
Stam
38.2%
Cafu
38.2%
Fletcher
31.7%
Evans
31.4%
Haywood
28%

You're not logged in!

Compare scores with friends on all Sporcle quizzes.
Sign Up with Email
OR
Log In

You Might Also Like...

Show Comments

Extras

Top Quizzes Today


Score Distribution

Your Account Isn't Verified!

In order to create a playlist on Sporcle, you need to verify the email address you used during registration. Go to your Sporcle Settings to finish the process.

Report this User

Report this user for behavior that violates our Community Guidelines.

Details: